000 00599nam a2200229Ia 4500
001 12695
003 GE_BSU
008 181216s||||||||xx |||||||||||||| ||und||
040 _cGE_BSU
080 _a634.1
100 _aМалинковский, В.В.
245 _aПлодовый питомник
245 _cРед.Е.С.Голубинская
250 _a2-ое
260 _aМосква
260 _bСельхозиздат
260 _c1955
300 _a421стр.20см.илл.
300 _eТаблицы 37
653 _aПлодовый питомник
942 _cBK
999 _c45866
_d45866